000 00725nam a2200217Ii 4500
001 16252
003 CO-ViMGA
008 241108s9999||||xx |||||||||||||| ||und||
020 _a9789588562186
040 _aCO-ViMGA
_bspa
_erda
_cCO-ViMGA
041 0 _aunk
082 0 4 _a028.166 Y26p
100 1 _aLuis Bernardo Yepes Osorio
_955945
245 1 0 _aLa promoción de la lectura en tiempos aciagos
264 1 _a[Lugar de publicación no identificado] : Fondo Editorial Comfenalco Antioquia, [Fecha de publicación no identificada]
300 _avolumen
336 _atext
_btxt
_2rdacontent
337 _aunmediated
_bn
_2rdamedia
338 _avolume
_bnc
_2rdacarrier
940 _aidficha_siabuc: 15922. -- ficha_no_siabuc:16252
999 _c53685
_d53685